Porsche : the Carrera dynasty /
Adding to Haynes' stable of excellent Porsche titles, this book celebrates the golden jubilee of the glorious Carrera family, exploring some of the most iconic areas of Porsche history, and covering all eras, from the 356 to the current Carrera GT, the world's fastest road-going sports car...
Saved in:
| 主要作者: | |
|---|---|
| 格式: | 图书 |
| 语言: | English |
| 出版: |
Sparkford :
Haynes,
2006.
|
| 主题: | |
| 标签: |
添加标签
没有标签, 成为第一个标记此记录!
|
| LEADER | 01210nam a22002898a 4500 | ||
|---|---|---|---|
| 001 | 010261663-9 | ||
| 005 | 20070531110304.0 | ||
| 008 | 051110s2006 enka 000 0 eng | ||
| 010 | |a 2005935262 | ||
| 015 | |a GBA625783 |2 bnb | ||
| 016 | 7 | |a 013409413 |2 Uk | |
| 020 | |a 1844252094 (hbk.) | ||
| 020 | |a 9781844252091 (hbk.) | ||
| 035 | 0 | |a ocm64315067 | |
| 040 | |a UKM |c UKM |d BAKER |d DLC |d YDXCP | ||
| 050 | 0 | 0 | |a MLCM 2006/42514 (T) |
| 082 | 0 | 4 | |a 629.22222 |2 22 |
| 100 | 1 | |a Smale, Glen. | |
| 245 | 1 | 0 | |a Porsche : |b the Carrera dynasty / |c Glen Smale. |
| 260 | |a Sparkford : |b Haynes, |c 2006. | ||
| 300 | |a 215 p. : |b ill. (some col.) ; |c 28 cm. | ||
| 500 | |a "Haynes H4209"-- Spine. | ||
| 504 | |a Includes bibliographical references and index. | ||
| 520 | |a Adding to Haynes' stable of excellent Porsche titles, this book celebrates the golden jubilee of the glorious Carrera family, exploring some of the most iconic areas of Porsche history, and covering all eras, from the 356 to the current Carrera GT, the world's fastest road-going sports car. This supercar is a glorious addition to a very grand dynasty in motoring and motorsport history. | ||
| 650 | 0 | |a Porsche automobiles. | |
| 988 | |a 20060914 | ||
| 906 | |0 OCLC | ||


